<?xml version="1.0" encoding="UTF-8"?>
<collection xmlns="http://www.loc.gov/MARC21/slim">
    <record>
        <controlfield tag="001">62973</controlfield>
        <controlfield tag="005">20171107135358.0</controlfield>
        <datafield tag="024" ind1="7" ind2=" ">
            <subfield code="2">doi</subfield>
            <subfield code="a">10.26754/CINAIC.2017.000001_147</subfield>
        </datafield>
        <datafield tag="037" ind1=" " ind2=" ">
            <subfield code="a">COMPON-2017-0123</subfield>
        </datafield>
        <datafield tag="041" ind1=" " ind2=" ">
            <subfield code="a">spa</subfield>
        </datafield>
        <datafield tag="100" ind1=" " ind2=" ">
            <subfield code="a">Agudo-Peregrina, Ángel F.</subfield>
            <subfield code="u">Universidad Politécnica de Madrid, España</subfield>
        </datafield>
        <datafield tag="245" ind1=" " ind2=" ">
            <subfield code="a">SNOLA, creando una Red sobre Analíticas de Aprendizaje en España
[SNOLA: creating a network about Learning Analytics in Spain]</subfield>
        </datafield>
        <datafield tag="260" ind1=" " ind2=" ">
            <subfield code="c">2017</subfield>
        </datafield>
        <datafield tag="506" ind1=" " ind2=" ">
            <subfield code="a">Access copy available to the general public</subfield>
            <subfield code="f">Unrestricted</subfield>
        </datafield>
        <datafield tag="520" ind1="3" ind2=" ">
            <subfield code="a">Este artículo introduce de forma somera el Learning Analytics como disciplina y campo de investigación, incluyendo sus principales características, potenciales beneficios de cara a la sociedad, retos y tendencias actuales. A su vez, este manuscrito presenta la Red de Investigación SNOLA (Spanish Network of Learning Analytics, Red Española de Analítica de Aprendizaje), reconocida por el Ministerio de Economía y Competitividad del Gobierno de España. Sobre esta red, se comentan sus objetivos, retos, áreas de trabajo y actividades. En cuanto a SNOLA, se destaca su carácter participativo y abierto hacia la colaboración con distintos actores dentro del área LA, como son las instituciones, usuarios, educadores o los tecnólogos.
[This article briefly introduces Learning Analytics as a discipline and field of research, including its main features, potential benefits for the Society, as well as the current challenges and trends. On the other hand, this manuscript presents the SNOLA Research Network (Spanish Network of Learning Analytics), recognized by the Ministry of Economy and Competitiveness of the Spanish Government. Regarding this research network, the paper discusses its goals, challenges, working areas and activities. Also, is featured the SNOLA participative and open culture towards collaboration with different actors within the LA area, such as institutions, users, educators or technologists.]</subfield>
        </datafield>
        <datafield tag="540" ind1=" " ind2=" ">
            <subfield code="9">info:eu-repo/semantics/openAccess</subfield>
            <subfield code="a">by-nc-nd</subfield>
            <subfield code="u">http://creativecommons.org/licenses/by-nc-nd/3.0/es/</subfield>
        </datafield>
        <datafield tag="653" ind1="1" ind2=" ">
            <subfield code="a">analítica de aprendizaje;red de investigación;SNOLA;learning analytics  </subfield>
        </datafield>
        <datafield tag="653" ind1="1" ind2=" ">
            <subfield code="a">research network;SNOLA;learning analytics  </subfield>
        </datafield>
        <datafield tag="655" ind1=" " ind2="4">
            <subfield code="a">Comunicación</subfield>
        </datafield>
        <datafield tag="700" ind1=" " ind2=" ">
            <subfield code="a">Caeiro-Rodríguez, Manuel</subfield>
            <subfield code="u">Universidad de Vigo, España</subfield>
        </datafield>
        <datafield tag="700" ind1=" " ind2=" ">
            <subfield code="a">Conde, Miguel Á.</subfield>
            <subfield code="u">Universidad de León, España</subfield>
        </datafield>
        <datafield tag="700" ind1=" " ind2=" ">
            <subfield code="a">Cruz-Benito,  Juan</subfield>
            <subfield code="u">Universidad de Salamanca, España</subfield>
        </datafield>
        <datafield tag="700" ind1=" " ind2=" ">
            <subfield code="a">Delgado Kloos, Carlos</subfield>
            <subfield code="u">5Universidad Carlos III de Madrid, España</subfield>
        </datafield>
        <datafield tag="700" ind1=" " ind2=" ">
            <subfield code="a">Menchaca, Iratxe</subfield>
            <subfield code="u">Universidad de Deusto, España</subfield>
        </datafield>
        <datafield tag="700" ind1=" " ind2=" ">
            <subfield code="a">Larrañaga, Mikel</subfield>
            <subfield code="u">Universidad de País Vasco, España</subfield>
        </datafield>
        <datafield tag="700" ind1=" " ind2=" ">
            <subfield code="a">Martínez-Monés,  Alejandra</subfield>
            <subfield code="u">Universidad de Valladolid, España</subfield>
        </datafield>
        <datafield tag="700" ind1=" " ind2=" ">
            <subfield code="a">Robles Gómez, Antonio</subfield>
            <subfield code="u">Universidad Nacional de Educación a Distancia, España</subfield>
        </datafield>
        <datafield tag="773" ind1=" " ind2=" ">
            <subfield code="d">Zaragoza</subfield>
            <subfield code="g">IV Congreso Internacional sobre Aprendizaje, Innovación y Competitividad-CINAIC (Zaragoza 4-6 Octubre 2017)</subfield>
        </datafield>
        <datafield tag="856" ind1="4" ind2=" ">
            <subfield code="s">97926</subfield>
            <subfield code="u">http://zaguan.unizar.es/record/62973/files/147.pdf</subfield>
        </datafield>
        <datafield tag="909" ind1="C" ind2="O">
            <subfield code="o">oai:zaguan.unizar.es:62973</subfield>
            <subfield code="p">comunicaciones-ponencias</subfield>
        </datafield>
        <datafield tag="980" ind1=" " ind2=" ">
            <subfield code="a">COMPON</subfield>
        </datafield>
    </record>

    
</collection>